[Event "RUS-ch Blitz (Women)"]
[Site "Sochi"]
[Date "2023.10.14"]
[Round "6"]
[White "Danilova, Rada"]
[Black "Goltseva, Ekaterina"]
[Result "0-1"]
[WhiteElo "1882"]
[BlackElo "2338"]
[PlyCount "52"]
[EventDate "2023.10.14"]
[EventType "swiss (blitz)"]
[EventRounds "13"]
[EventCountry "RUS"]
[SourceTitle "Mega2024 Update 01"]
[Source "Chessbase"]
[SourceDate "2023.11.12"]
[SourceVersion "1"]
[SourceVersionDate "2023.11.12"]
[SourceQuality "1"]

1. d4 Nf6 2. c4 e6 3. Nf3 b6 4. a3 Ba6 5. Nbd2 Bb7 6. e3 d5 7. cxd5 exd5 8. Bd3 Bd6 9. 0-0 0-0 10. b4 Nbd7 11. Bb2 Qe7 12. b5 a6 13. a4 axb5 14. axb5 Ne4 15. Qb3 f5 16. Rfe1 Kh8 17. Nf1 g5 18. N3d2 g4 19. g3 Rfd8 20. Rxa8 Rxa8 21. f3 gxf3 22. Nxf3 Rg8 23. Kh1 Qg7 24. Ba3 Qg4 25. Be2 Qh3 26. Bxd6 cxd6 0-1

[Event "Cheliabinsk Lozovatsky Memorial-B"]
[Site "Cheliabinsk"]
[Date "2023.01.30"]
[Round "4"]
[White "Potapova, Margarita"]
[Black "Danilova, Rada"]
[Result "1-0"]
[WhiteElo "2191"]
[BlackElo "2015"]
[PlyCount "71"]
[EventDate "2023.01.27"]
[EventType "swiss"]
[EventRounds "10"]
[EventCountry "RUS"]
[SourceTitle "CBM 212 Extra"]
[Source "ChessBase"]
[SourceDate "2023.03.31"]
[SourceVersion "1"]
[SourceVersionDate "2023.03.31"]
[SourceQuality "1"]

1. d4 Nf6 2. c4 e6 3. Nc3 Bb4 4. f3 d5 5. a3 Bxc3+ 6. bxc3 c5 7. cxd5 exd5 8. e3 c4 9. Ne2 0-0 10. g4 Nc6 11. Ng3 Na5 12. Bg2 Nb3 13. Rb1 Qa5 14. Bb2 Re8 15. Kf2 Nd7 16. e4 dxe4 17. fxe4 Nf6 18. h3 Bd7 19. Re1 Ba4 20. Qe2 Rac8 21. Rbd1 Nd5 22. Qf3 Ne7 23. Kg1 Qb6 24. Qf2 Ng6 25. Nf5 Qc7 26. e5 Rcd8 27. Nd6 Rxd6 28. exd6 Rxe1+ 29. Rxe1 Qxd6 30. Rf1 Qd7 31. Qf5 Qc7 32. Qf2 Qd7 33. Bc1 Nxc1 34. Rxc1 Qe7 35. Re1 Qxa3 36. Bd5 1-0

[Event "Cheliabinsk Variation-B"]
[Site "Cheliabinsk"]
[Date "2022.04.10"]
[Round "9"]
[White "Danilova, Rada"]
[Black "Nurgali, Nazerke"]
[Result "0-1"]
[WhiteElo "1979"]
[BlackElo "2222"]
[PlyCount "72"]
[EventDate "2022.04.01"]
[EventType "swiss"]
[EventRounds "9"]
[EventCountry "RUS"]
[SourceTitle "CBM 207 Extra"]
[Source "ChessBase"]
[SourceDate "2022.05.31"]
[SourceVersion "1"]
[SourceVersionDate "2022.05.31"]
[SourceQuality "1"]

1. d4 d5 2. c4 e6 3. Nc3 Be7 4. cxd5 exd5 5. Nf3 c6 6. Bf4 Nf6 7. e3 0-0 8. Qc2 Bg4 9. Ne5 Bh5 10. Bd3 Nbd7 11. g4 Bg6 12. Nxg6 fxg6 13. h4 Nxg4 14. h5 Bh4 15. 0-0-0 Nxf2 16. hxg6 h6 17. Bf5 Nxd1 18. Be6+ Kh8 19. Qxd1 Bg5 20. Bxg5 Qxg5 21. Bxd7 Qxg6 22. Rg1 Qf6 23. Qg4 Rf7 24. Ne2 Qe7 25. Bf5 Qxe3+ 26. Kb1 g5 27. Rh1 Rf6 28. Bc2 Raf8 29. Ng3 Qe6 30. Qd1 Rf3 31. Qe2 Qxe2 32. Rxh6+ Kg8 33. Rg6+ Kf7 34. Nxe2 Rf2 35. Rxg5 Rxe2 36. b3 Ke7 0-1

[Event "Cheliabinsk Variation-B"]
[Site "Cheliabinsk"]
[Date "2022.04.06"]
[Round "6"]
[White "Danilova, Rada"]
[Black "Serikbay, Assel"]
[Result "0-1"]
[WhiteElo "1979"]
[BlackElo "2214"]
[PlyCount "92"]
[EventDate "2022.04.01"]
[EventType "swiss"]
[EventRounds "9"]
[EventCountry "RUS"]
[SourceTitle "CBM 207 Extra"]
[Source "ChessBase"]
[SourceDate "2022.05.31"]
[SourceVersion "1"]
[SourceVersionDate "2022.05.31"]
[SourceQuality "1"]

1. d4 d5 2. c4 c6 3. cxd5 cxd5 4. Bf4 Nc6 5. Nc3 Nf6 6. e3 a6 7. Bd3 g6 8. Nf3 Bg7 9. h3 0-0 10. Rc1 e6 11. 0-0 Ne8 12. Qa4 Bd7 13. Qb3 b5 14. a4 Na5 15. Qb4 Bf6 16. axb5 Be7 17. Qa4 Nc4 18. Bxc4 axb5 19. Qd1 dxc4 20. d5 b4 21. Ne4 Ba4 22. Qd4 exd5 23. Nc5 Ng7 24. Nxa4 Rxa4 25. b3 Ne6 26. Qd1 Nxf4 27. exf4 cxb3 28. Qxb3 Ra3 29. Qb1 Qd6 30. Rfd1 Qxf4 31. Rxd5 Rfa8 32. Rdd1 Bf6 33. Nd2 Bd4 34. Ne4 Ra1 35. Qc2 b3 36. Qc6 b2 37. Rb1 Qe5 38. g3 R8a6 39. Qc2 Rxb1 40. Rxb1 Re6 41. Re1 Qxg3+ 42. Nxg3 Rxe1+ 43. Kg2 b1Q 44. Qc8+ Kg7 45. Qg4 Rg1+ 46. Kh2 Be5 0-1

[Event "Cheliabinsk Variation-B"]
[Site "Cheliabinsk"]
[Date "2022.04.03"]
[Round "3"]
[White "Danilova, Rada"]
[Black "Smirnova, Ekaterina"]
[Result "1-0"]
[WhiteElo "1979"]
[BlackElo "2196"]
[PlyCount "143"]
[EventDate "2022.04.01"]
[EventType "swiss"]
[EventRounds "9"]
[EventCountry "RUS"]
[SourceTitle "CBM 207 Extra"]
[Source "ChessBase"]
[SourceDate "2022.05.31"]
[SourceVersion "1"]
[SourceVersionDate "2022.05.31"]
[SourceQuality "1"]

1. d4 Nf6 2. c4 e6 3. Nf3 d5 4. Nc3 c6 5. cxd5 exd5 6. Bg5 Bf5 7. e3 Nbd7 8. Bd3 Bxd3 9. Qxd3 Bd6 10. Rb1 a5 11. 0-0 0-0 12. a3 a4 13. b4 axb3 14. Rxb3 b5 15. e4 dxe4 16. Nxe4 Be7 17. Bxf6 Nxf6 18. Rc1 Nxe4 19. Qxe4 Rxa3 20. Rxa3 Bxa3 21. Rxc6 Re8 22. Qd3 Qd5 23. Rb6 b4 24. h4 h6 25. Rb5 Qd6 26. d5 Bb2 27. g3 Bc3 28. h5 Rd8 29. Nh4 Bf6 30. Nf5 Qe5 31. d6 Qc3 32. Qd5 Qe1+ 33. Kg2 Qe6 34. Qf3 Qc4 35. Rb7 Kh7 36. Rc7 Qe6 37. Qd3 Kg8 38. Rb7 Bg5 39. f4 Bf6 40. Rxb4 Qa2+ 41. Kh3 Qe6 42. g4 Qe1 43. Rb1 Qf2 44. Rf1 Qa7 45. Re1 Qa4 46. Qe3 Rb8 47. Ng3 Qb5 48. Rd1 Qa4 49. Rd3 Re8 50. Qd2 Qd7 51. Rd5 Bd8 52. Re5 Rxe5 53. fxe5 Qe6 54. Qb2 Bg5 55. Qb8+ Kh7 56. Qb1+ Kg8 57. Qf5 Kf8 58. Qxe6 fxe6 59. Ne2 Ke8 60. Kg3 Kd7 61. Kf3 Kc6 62. Ke4 Kd7 63. Nf4 Bd8 64. Ng6 Ke8 65. Kd4 Bb6+ 66. Kc4 Ba5 67. Kb5 Bd2 68. Kc6 Ba5 69. Kb7 Kd8 70. Nf8 Bc3 71. Nxe6+ Ke8 72. Kc8 1-0

[Event "Cheliabinsk Panchenko Memorial op-B"]
[Site "Cheliabinsk"]
[Date "2021.09.20"]
[Round "9"]
[White "Danilova, Rada"]
[Black "Shukhman, Anna"]
[Result "1-0"]
[WhiteElo "2032"]
[BlackElo "2042"]
[PlyCount "95"]
[EventDate "2021.09.13"]
[EventType "swiss"]
[EventRounds "10"]
[EventCountry "RUS"]
[SourceTitle "CBM 204 Extra"]
[Source "ChessBase"]
[SourceDate "2021.11.30"]
[SourceVersion "1"]
[SourceVersionDate "2021.11.30"]
[SourceQuality "1"]

1. d4 f5 2. c4 Nf6 3. Nc3 g6 4. h4 d6 5. h5 Nxh5 6. Rxh5 gxh5 7. e4 Be6 8. Be2 Bg7 9. Bxh5+ Kd7 10. d5 Bg8 11. exf5 Kc8 12. Nh3 Nd7 13. Be3 Qf8 14. Qc2 Ne5 15. Nb5 a6 16. Nd4 c5 17. Ne6 Bxe6 18. dxe6 Nc6 19. 0-0-0 Nd4 20. Bxd4 Bxd4 21. Bf3 Qf6 22. Be4 Rb8 23. a4 Rg8 24. Kb1 Be5 25. f4 Bd4 26. Qb3 h6 27. a5 Qf8 28. Ng1 Qd8 29. Qb6 Qxb6 30. axb6 Kd8 31. Ne2 Bf6 32. Rh1 Ke8 33. Rxh6 Kf8 34. Rh7 Rh8 35. Rxh8+ Bxh8 36. g4 a5 37. Nc3 Bxc3 38. bxc3 Ra8 39. g5 Kg7 40. Ka2 Ra6 41. Bd5 Rxb6 42. f6+ Kf8 43. g6 Ra6 44. Bxb7 Rb6 45. g7+ Kg8 46. fxe7 Rxb7 47. e8Q+ Kxg7 48. Qd7+ 1-0

[Event "Cheliabinsk Panchenko Memorial op-B"]
[Site "Cheliabinsk"]
[Date "2021.09.17"]
[Round "5"]
[White "Danilova, Rada"]
[Black "Shamsutdinova, Karina"]
[Result "0-1"]
[WhiteElo "2032"]
[BlackElo "1948"]
[PlyCount "74"]
[EventDate "2021.09.13"]
[EventType "swiss"]
[EventRounds "10"]
[EventCountry "RUS"]
[SourceTitle "CBM 204 Extra"]
[Source "ChessBase"]
[SourceDate "2021.11.30"]
[SourceVersion "1"]
[SourceVersionDate "2021.11.30"]
[SourceQuality "1"]

1. d4 Nf6 2. c4 e6 3. Nf3 b6 4. g3 Ba6 5. b3 c6 6. Bg2 Bb4+ 7. Bd2 Be7 8. Bc3 d5 9. Nbd2 Nbd7 10. 0-0 0-0 11. Re1 Bb7 12. Rc1 Rc8 13. Bb2 c5 14. cxd5 Bxd5 15. e4 Bb7 16. Qe2 cxd4 17. Nxd4 Rxc1 18. Rxc1 Qa8 19. h4 Rd8 20. h5 h6 21. Re1 Bb4 22. Nb5 Nc5 23. Nc3 Nd3 24. a3 Bc5 25. Rb1 Nxf2 26. Kf1 N6g4 27. Nf3 Nxe4 28. Nxe4 Bxe4 29. Ke1 Bf2+ 30. Kf1 Bd3 31. Qxd3 Rxd3 32. Ne5 Ne3+ 33. Ke2 Nxg2 34. Nxd3 Qe4+ 35. Kd2 Qe3+ 36. Kc3 Be1+ 37. Kc4 b5+ 0-1

[Event "Cheliabinsk Panchenko Memorial op-B"]
[Site "Cheliabinsk"]
[Date "2021.09.15"]
[Round "3"]
[White "Danilova, Rada"]
[Black "Bodnaruk, Anastasia"]
[Result "0-1"]
[WhiteElo "2032"]
[BlackElo "2415"]
[PlyCount "70"]
[EventDate "2021.09.13"]
[EventType "swiss"]
[EventRounds "10"]
[EventCountry "RUS"]
[SourceTitle "CBM 204 Extra"]
[Source "ChessBase"]
[SourceDate "2021.11.30"]
[SourceVersion "1"]
[SourceVersionDate "2021.11.30"]
[SourceQuality "1"]

1. d4 Nf6 2. c4 g6 3. Nc3 Bg7 4. e4 d6 5. Nge2 0-0 6. Ng3 e5 7. d5 a5 8. Be2 Na6 9. 0-0 h5 10. Bg5 Qe8 11. Qd2 Nh7 12. Be3 h4 13. Nh1 f5 14. exf5 gxf5 15. f4 Qe7 16. fxe5 Bxe5 17. Rae1 Bd7 18. Bf3 Qf6 19. Bh6 Rfe8 20. Bh5 Re7 21. Rxe5 dxe5 22. Ne4 Qb6+ 23. Be3 Qb4 24. Nc3 f4 25. Bf2 h3 26. g3 Rg7 27. Re1 Qd6 28. Qe2 Nf6 29. Qxe5 Qxe5 30. Rxe5 Nxh5 31. Rxh5 Re8 32. a3 Nc5 33. Bxc5 Re1+ 34. Kf2 Rxh1 35. gxf4 Rxh2+ 0-1

[Event "FIDE World Uni Rapid-F 1st"]
[Site "Tornelo INT"]
[Date "2021.03.21"]
[Round "10"]
[White "Danilova, Rada"]
[Black "Zhao, Shengxin"]
[Result "1/2-1/2"]
[WhiteElo "2048"]
[BlackElo "2110"]
[PlyCount "116"]
[EventDate "2021.03.20"]
[EventType "swiss (rapid)"]
[EventRounds "12"]
[EventCountry "NET"]
[SourceTitle "EXT 2022"]
[Source "ChessBase"]
[SourceDate "2021.10.06"]
[SourceVersion "1"]
[SourceVersionDate "2021.10.06"]
[SourceQuality "1"]

1. d4 Nf6 2. Nf3 d5 3. c4 e6 4. cxd5 exd5 5. Nc3 c6 6. Bg5 Be7 7. Qc2 0-0 8. e3 Bg4 9. Ne5 Bh5 10. Bd3 h6 11. Bf4 Nbd7 12. h3 Nxe5 13. dxe5 Ne4 14. Nxe4 dxe4 15. Bxe4 Qa5+ 16. Kf1 Rfd8 17. Kg1 Rd2 18. Qb3 Qb4 19. Qxb4 Bxb4 20. g4 Bg6 21. Bxg6 fxg6 22. b3 g5 23. Bg3 Re8 24. Kg2 Bc3 25. Rad1 Rxa2 26. Rd7 Bxe5 27. Bxe5 Rxe5 28. Rxb7 Rd5 29. Rc1 Rdd2 30. Rxc6 Rxf2+ 31. Kg3 Rg2+ 32. Kf3 Rgf2+ 33. Ke4 Rf7 34. Rc8+ Rf8 35. Rxf8+ Kxf8 36. Kd4 a5 37. e4 a4 38. bxa4 Rxa4+ 39. Ke5 Ra3 40. Ke6 Kg8 41. e5 Rxh3 42. Ke7 Rg3 43. Rb8+ Kh7 44. e6 Rxg4 45. Kd6 Rd4+ 46. Ke5 Rd1 47. e7 Re1+ 48. Kd6 Kg6 49. e8Q+ Rxe8 50. Rxe8 Kf5 51. Rf8+ Ke4 52. Rg8 g4 53. Rxg7 Kf3 54. Rh7 g3 55. Rxh6 g2 56. Rg6 Kf2 57. Ke5 g1Q 58. Rxg1 Kxg1 1/2-1/2

[Event "FIDE World Uni Rapid-F 1st"]
[Site "Tornelo INT"]
[Date "2021.03.20"]
[Round "3"]
[White "Danilova, Rada"]
[Black "Ynojosa Aponte, Felix Jose"]
[Result "0-1"]
[WhiteElo "2048"]
[BlackElo "2393"]
[PlyCount "118"]
[EventDate "2021.03.20"]
[EventType "swiss (rapid)"]
[EventRounds "12"]
[EventCountry "NET"]
[SourceTitle "EXT 2022"]
[Source "ChessBase"]
[SourceDate "2021.10.06"]
[SourceVersion "1"]
[SourceVersionDate "2021.10.06"]
[SourceQuality "1"]

1. d4 Nf6 2. c4 e6 3. Nf3 d5 4. cxd5 exd5 5. Nc3 c6 6. Qc2 Bd6 7. Bg5 h6 8. Bh4 0-0 9. e3 Re8 10. Bd3 Bg4 11. 0-0-0 Nbd7 12. h3 Bxf3 13. gxf3 Rc8 14. Kb1 b5 15. Rhg1 a6 16. Bf5 Be7 17. Rg2 Kf8 18. Rdg1 g5 19. Bxg5 hxg5 20. Rxg5 Bd6 21. Rg7 c5 22. Bxd7 Qxd7 23. dxc5 Rxc5 24. Qd3 Qxh3 25. e4 Qh8 26. R7g5 Be5 27. Nxd5 Nxd5 28. exd5 Rd8 29. Rg8+ Qxg8 30. Rxg8+ Kxg8 31. a3 Rcxd5 32. Qe4 Bg7 33. Qe7 Rd2 34. f4 Rxb2+ 35. Kc1 Rc8+ 36. Kd1 Rxf2 37. Qd7 Rf8 38. f5 Be5 39. Ke1 Rf4 40. Ke2 f6 41. Qe6+ Kg7 42. Qxa6 Rxf5 43. Qb7+ Kg6 44. Qg2+ Rg5 45. Qe4+ Kh6 46. Qh1+ Rh5 47. Qe4 Rg8 48. Qe3+ Rgg5 49. Qb6 Rh3 50. Qd8 Rg2+ 51. Kf1 Rhh2 52. Qh8+ Kg5 53. Qg7+ Kf4 54. Qf8 Rb2 55. Kg1 Rhg2+ 56. Kf1 Rgf2+ 57. Kg1 Rfc2 58. Qh6+ Ke4 59. Qg6+ f5 0-1

[Event "FIDE World Uni Rapid-F 1st"]
[Site "Tornelo INT"]
[Date "2021.03.20"]
[Round "6"]
[White "Dy, Daphne Mae"]
[Black "Danilova, Rada"]
[Result "0-1"]
[WhiteElo "1578"]
[BlackElo "2048"]
[PlyCount "86"]
[EventDate "2021.03.20"]
[EventType "swiss (rapid)"]
[EventRounds "12"]
[EventCountry "NET"]
[SourceTitle "EXT 2022"]
[Source "ChessBase"]
[SourceDate "2021.10.06"]
[SourceVersion "1"]
[SourceVersionDate "2021.10.06"]
[SourceQuality "1"]

1. d4 Nf6 2. Bf4 e6 3. e3 Be7 4. c3 b6 5. Nf3 Bb7 6. Nbd2 0-0 7. h3 c5 8. Bd3 d6 9. 0-0 cxd4 10. exd4 Nbd7 11. Re1 Rc8 12. Qe2 Re8 13. Ba6 Qc7 14. Bxb7 Qxb7 15. Ne4 Nxe4 16. Qxe4 Qxe4 17. Rxe4 Nf6 18. Ree1 b5 19. a3 a5 20. Bd2 Nd5 21. Rac1 a4 22. Rc2 h6 23. Rec1 Nb6 24. Bf4 Rc6 25. Nd2 Rec8 26. Be3 f5 27. Re1 Kf7 28. Rcc1 g5 29. f3 Bf6 30. Bf2 Nd5 31. g3 h5 32. Kg2 h4 33. Re2 hxg3 34. Bxg3 Bxd4 35. Rce1 Be5 36. Bxe5 dxe5 37. Kg3 Nf4 38. Nf1 Rh8 39. Rh2 Kf6 40. Ne3 Rd6 41. c4 Nd3 42. Ree2 f4+ 43. Kg4 Rh4# 0-1

[Event "FIDE World Uni Blitz-A 1st"]
[Site "Tornelo INT"]
[Date "2021.03.13"]
[Round "7.17"]
[White "Danilova, Rada"]
[Black "Repka, Christopher"]
[Result "0-1"]
[WhiteElo "2048"]
[BlackElo "2491"]
[PlyCount "122"]
[EventDate "2021.03.13"]
[EventType "swiss (blitz)"]
[EventRounds "10"]
[EventCountry "NET"]
[SourceTitle "EXT 2022"]
[Source "ChessBase"]
[SourceDate "2021.10.06"]
[SourceVersion "1"]
[SourceVersionDate "2021.10.06"]
[SourceQuality "1"]

1. d4 Nf6 2. c4 e6 3. Nf3 d5 4. Nc3 c5 5. cxd5 Nxd5 6. e4 Nxc3 7. bxc3 cxd4 8. cxd4 Bb4+ 9. Bd2 Bxd2+ 10. Qxd2 0-0 11. Bc4 b6 12. 0-0 Nd7 13. Rfe1 Bb7 14. Rad1 Rc8 15. Bd3 h6 16. a4 Qc7 17. a5 bxa5 18. Ra1 Nb8 19. Qxa5 Qxa5 20. Rxa5 Nc6 21. Ra3 Rfd8 22. Ra4 a5 23. h3 Nb4 24. Bb5 Rc3 25. Rxa5 Nc2 26. Re2 Nxd4 27. Nxd4 Rxd4 28. Ra7 Bxe4 29. Be8 Bg6 30. Ra8 Kh7 31. Ra7 Rf4 32. g3 Rc1+ 33. Kg2 Be4+ 34. f3 Bxf3+ 35. Kf2 Bxe2+ 36. gxf4 Rc2 37. Ke3 Bh5 38. Bxf7 Bxf7 39. Rxf7 Rc3+ 40. Ke4 Kg6 41. Re7 Kf6 42. Ra7 Rxh3 43. Ra6 Rh1 44. Kf3 Rd1 45. Kg4 Rg1+ 46. Kf3 h5 47. Kf2 Rd1 48. Ra8 Kf5 49. Kf3 Rd3+ 50. Ke2 Rd4 51. Rh8 Kg4 52. Ke3 Rd7 53. Ke4 h4 54. Ke5 h3 55. Kxe6 Rd2 56. f5 h2 57. Rh7 Kf4 58. Kf7 Kxf5 59. Kxg7 Kf4 60. Kg6 Rd6+ 61. Kf7 Rd7+ 0-1

[Event "FIDE World Uni Blitz-A 1st"]
[Site "Tornelo INT"]
[Date "2021.03.13"]
[Round "4.40"]
[White "De Briey, Aurian"]
[Black "Danilova, Rada"]
[Result "0-1"]
[WhiteElo "1690"]
[BlackElo "2048"]
[PlyCount "50"]
[EventDate "2021.03.13"]
[EventType "swiss (blitz)"]
[EventRounds "10"]
[EventCountry "NET"]
[SourceTitle "EXT 2022"]
[Source "ChessBase"]
[SourceDate "2021.10.06"]
[SourceVersion "1"]
[SourceVersionDate "2021.10.06"]
[SourceQuality "1"]

1. d4 Nf6 2. c4 e6 3. Nc3 Bb4 4. a3 Bxc3+ 5. bxc3 0-0 6. f3 d6 7. e4 c5 8. Bd3 Nc6 9. Ne2 b6 10. 0-0 e5 11. d5 Na5 12. Ng3 Ba6 13. Qe2 h6 14. f4 Qe7 15. fxe5 Qxe5 16. Bd2 Nb3 17. Rf5 Qe7 18. Raf1 Nxd2 19. Qxd2 Nd7 20. Qf4 Ne5 21. Nh5 Nxd3 22. Nf6+ Qxf6 23. Rxf6 Nxf4 24. R6xf4 Bxc4 25. g4 Bxf1 0-1

[Event "Moscow op (Women) 17th"]
[Site "Moscow"]
[Date "2021.02.23"]
[Round "4"]
[White "Danilova, Rada"]
[Black "Nur Mukhametova, Alisa"]
[Result "0-1"]
[WhiteElo "2048"]
[BlackElo "2212"]
[PlyCount "112"]
[EventDate "2021.02.20"]
[EventType "swiss"]
[EventRounds "9"]
[EventCountry "RUS"]
[SourceTitle "CBM 200 Extra"]
[Source "ChessBase"]
[SourceDate "2021.03.31"]
[SourceVersion "1"]
[SourceVersionDate "2021.03.31"]
[SourceQuality "1"]

1. d4 Nf6 2. Nf3 g6 3. Bg5 Bg7 4. c3 d5 5. Nbd2 0-0 6. e3 b6 7. Be2 c5 8. 0-0 Nbd7 9. b4 h6 10. Bh4 g5 11. Bg3 Nh5 12. Rc1 Nxg3 13. hxg3 Bb7 14. Bd3 c4 15. Bb1 f5 16. g4 e6 17. gxf5 exf5 18. g3 Bc6 19. Kg2 a5 20. a3 axb4 21. axb4 Nb8 22. Rh1 Na6 23. Kg1 Qe8 24. Qf1 Bd7 25. Qg2 Nc7 26. Nf1 Ra3 27. N3d2 Be6 28. g4 f4 29. e4 Qd7 30. exd5 Bxd5 31. Be4 Bxe4 32. Nxe4 f3 33. Qh3 Rf4 34. Nfg3 Qxg4 35. Qxg4 Rxg4 36. Kf1 Rf4 37. Ke1 Ra2 38. Nd6 b5 39. Ndf5 Nd5 40. Nxg7 Kxg7 41. Nh5+ Kg6 42. Nxf4+ Nxf4 43. Kf1 Nd3 44. Rb1 Rxf2+ 45. Kg1 Ra2 46. Rh2 f2+ 47. Kf1 g4 48. d5 h5 49. d6 Ra6 50. d7 Rd6 51. Rd1 g3 52. Rh3 g2+ 53. Kxg2 Nf4+ 54. Kf3 Rxd1 55. Rg3+ Kf6 56. Kxf2 Rxd7 0-1

[Event "Moscow op (Women) 17th"]
[Site "Moscow"]
[Date "2021.02.21"]
[Round "2"]
[White "Danilova, Rada"]
[Black "Khachatryan, Nadezhda"]
[Result "1-0"]
[WhiteElo "2048"]
[BlackElo "1665"]
[PlyCount "103"]
[EventDate "2021.02.20"]
[EventType "swiss"]
[EventRounds "9"]
[EventCountry "RUS"]
[SourceTitle "CBM 200 Extra"]
[Source "ChessBase"]
[SourceDate "2021.03.31"]
[SourceVersion "1"]
[SourceVersionDate "2021.03.31"]
[SourceQuality "1"]

1. d4 d5 2. c4 dxc4 3. Nf3 Nf6 4. e3 e6 5. Bxc4 c5 6. 0-0 a6 7. Bb3 b5 8. a4 c4 9. Bc2 Bb7 10. axb5 axb5 11. Rxa8 Bxa8 12. Qe2 Qb6 13. e4 Be7 14. Rd1 0-0 15. Nbd2 Nc6 16. e5 Nd5 17. Ne4 Ncb4 18. Bb1 Qc6 19. Bd2 Rc8 20. h3 Bb7 21. Ne1 Qe8 22. Qg4 Kh8 23. Qg3 Nc6 24. Nf3 b4 25. Bg5 f5 26. exf6 gxf6 27. Bh6 Qg6 28. Neg5 f5 29. Ne5 Nxe5 30. Qxe5+ Bf6 31. Qxe6 Nf4 32. Qxf5 Bxg5 33. Qxg6 Nxg6 34. Bxg5 c3 35. bxc3 bxc3 36. Bc2 Bd5 37. f3 Rb8 38. Rc1 Rc8 39. Kf2 Kg7 40. Be4 Bb3 41. d5 Ne5 42. Be3 Rc4 43. Ke2 Kf6 44. g4 Ba4 45. Bxh7 Bb5 46. Kf2 Ke7 47. Bf5 Kd6 48. h4 Kxd5 49. h5 Be8 50. h6 Ng6 51. h7 Nh8 52. Rd1+ 1-0

[Event "Khanty-Mansiysk Governor Cup 16th"]
[Site "Khanty-Mansiysk"]
[Date "2020.12.04"]
[Round "5"]
[White "Shermilko, Ivan"]
[Black "Danilova, Rada"]
[Result "0-1"]
[WhiteElo "1272"]
[BlackElo "2037"]
[PlyCount "128"]
[EventDate "2020.11.30"]
[EventType "swiss"]
[EventRounds "9"]
[EventCountry "RUS"]
[SourceTitle "CBM 199 Extra"]
[Source "ChessBase"]
[SourceDate "2021.01.31"]
[SourceVersion "1"]
[SourceVersionDate "2021.01.31"]
[SourceQuality "1"]

1. d4 Nf6 2. c4 e6 3. g3 Bb4+ 4. Bd2 Qe7 5. Bg2 Nc6 6. Nf3 Bxd2+ 7. Qxd2 Ne4 8. Qc2 Qb4+ 9. Nbd2 Nxd2 10. Qxd2 Qxc4 11. 0-0 Qb4 12. Qxb4 Nxb4 13. a3 Nc6 14. Rac1 d5 15. b4 a6 16. a4 Kd8 17. b5 axb5 18. axb5 Na5 19. Ng5 Rf8 20. Nxh7 Re8 21. Ng5 Re7 22. Ra1 b6 23. Nf3 Bd7 24. Rfb1 f6 25. Nd2 Rb8 26. e3 Re8 27. f4 f5 28. Bf1 Ke7 29. Nf3 Rec8 30. Ne5 Be8 31. Rb2 Nb7 32. Ra7 Nd6 33. Rc2 Kd8 34. Rb2 Ra8 35. Ra6 Rxa6 36. bxa6 Ra8 37. Ra2 c5 38. dxc5 bxc5 39. Kf2 c4 40. Ke1 Kc7 41. Nf3 Nb5 42. Nd4 Bd7 43. Kd2 Kb6 44. Nxb5 Bxb5 45. Kc3 Bxa6 46. Be2 g6 47. g4 Rh8 48. gxf5 gxf5 49. Bf3 Rh3 50. Rf2 Kc5 51. Kd2 Kb4 52. Kc2 Bb5 53. Kd2 c3+ 54. Kc2 Ba4+ 55. Kc1 Ka3 56. Kb1 c2+ 57. Kc1 Bb3 58. Be2 Rxe3 59. h4 Rh3 60. h5 Kb4 61. Kb2 d4 62. Rf3 Rxf3 63. Bxf3 d3 64. h6 d2 0-1